书目信息 |
| 题名: |
毛泽东与周恩来
|
|
| 作者: | 单秀法 著 | |
| 分册: | ||
| 出版信息: | 北京 北京出版社 2003 |
|
| 页数: | 300页 | |
| 开本: | 21cm | |
| 丛书名: | 毛泽东高层政治交往书系 | |
| 单 册: | ||
| 中图分类: | A752 , K827=73 , A752 | |
| 科图分类: | ||
| 主题词: | 毛泽东--生平事迹 , 毛泽东--传记 | |
| 电子资源: | ||
| ISBN: | 7-200-03401-0 | |
| 000 | 01219oam2 2200349 450 | |
| 001 | 1233594864 | |
| 005 | 20120928093410.62 | |
| 010 | @a7-200-03401-0@dCNY20.00 | |
| 100 | @a20031224d2003 em y0chiy50 ea | |
| 101 | 0 | @achi |
| 102 | @aCN@b110000 | |
| 105 | @ay z 000yd | |
| 106 | @ar | |
| 200 | 1 | @a毛泽东与周恩来@e从周主毛辅到毛主周辅@f单秀法著@Amao ze dong yu zhou en lai |
| 205 | @a2版 | |
| 210 | @a北京@c北京出版社@d2003 | |
| 215 | @a300页@d21cm | |
| 225 | 2 | @a毛泽东高层政治交往书系 |
| 330 | @a本书以新中国成立之前的毛泽东与周恩来的交往为主要内容,描述了两位传主在中国革命斗争中并肩战斗、密切配合的情形以及他们之间的某些矛盾,分析了他们在战略决策中表现出的才智、胆略和不同的文化品格特征,反映了他们具体而真实的关系等。 | |
| 461 | 0 | @1001002538973 |
| 600 | 0 | @a周恩来@f(1898-1976) |
| 600 | 0 | @a毛泽东@f(1893-1976)@x生平事迹 |
| 600 | 0 | @a周恩来@f(1898-1976)@x生平事迹 |
| 600 | 0 | @a毛泽东@f(1893-1976) |
| 606 | 0 | @a毛泽东@x生平事迹 |
| 606 | 0 | @a毛泽东@x传记 |
| 690 | @aA752@v4 | |
| 690 | @aK827=73@v4 | |
| 690 | @aA752@v4 | |
| 701 | 0 | @a单秀法@f(1950~)@4著@Ashan xiu fa |
| 801 | 0 | @aCN@b大连网信软件有限公司图书馆·11@c20120928 |
| 905 | @a10447@dA752@eJY40 | |
| 毛泽东与周恩来:从周主毛辅到毛主周辅/单秀法著.-2版 .-北京:北京出版社,2003 |
| 300页;21cm .-(毛泽东高层政治交往书系 ) |
| ISBN 7-200-03401-0:CNY20.00 |
| 本书以新中国成立之前的毛泽东与周恩来的交往为主要内容,描述了两位传主在中国革命斗争中并肩战斗、密切配合的情形以及他们之间的某些矛盾,分析了他们在战略决策中表现出的才智、胆略和不同的文化品格特征,反映了他们具体而真实的关系等。 |
| ● |
| 相关链接 |
|
|
|
|
正题名:毛泽东与周恩来
索取号:A752/JY40
 
预约/预借
| 序号 | 登录号 | 条形码 | 馆藏地/架位号 | 状态 | 备注 |
| 1 | 7809339 | 278093395 | 学院路分馆/ [索取号:A752/JY40] | 在馆 | |
| 2 | 7809340 | 278093402 | 学院路分馆/ [索取号:A752/JY40] | 在馆 | |
| 3 | 7809341 | 278093411 | 学院路分馆/ [索取号:A752/JY40] | 在馆 |